[Event "Mineiro-ch"]
[Site "Varginha"]
[Date "2019.11.17"]
[Round "6"]
[White "Ramos, Eduardo Pereira"]
[Black "Fernandez, Fredy Rivera"]
[Result "0-1"]
[WhiteElo "1264"]
[BlackElo "1398"]
[PlyCount "80"]
[EventDate "2019.11.14"]
[EventType "swiss"]
[EventRounds "7"]
[EventCountry "BRA"]
[SourceTitle "EXT 2021"]
[Source "ChessBase"]
[SourceDate "2020.10.23"]
[SourceVersion "1"]
[SourceVersionDate "2020.10.23"]
[SourceQuality "1"]

1. d4 d5 2. Bf4 Nf6 3. Nf3 c5 4. e3 Nc6 5. c3 Qb6 6. Qc2 g6 7. h3 Bg7 8. Nbd2 Bd7 9. dxc5 Qxc5 10. Nb3 Qb6 11. Nbd4 0-0 12. Be2 Rfe8 13. Nxc6 bxc6 14. 0-0 Ne4 15. Ne5 Bf5 16. Bd3 f6 17. Nf3 e5 18. Bh2 c5 19. Nh4 c4 20. Nxf5 cxd3 21. Qxd3 gxf5 22. Qxd5+ Qe6 23. Qd3 Red8 24. Qc2 Qc4 25. f3 Rd2 26. Qb3 Qxb3 27. axb3 Nc5 28. b4 Nd3 29. b3 Rc2 30. c4 Nxb4 31. e4 fxe4 32. fxe4 Rb2 33. Rf3 Nc2 34. Rf2 Nxa1 35. Rxb2 Rb8 36. b4 Bf8 37. b5 Rc8 38. Ra2 Nb3 39. Ra4 Nd2 40. Rxa7 Bc5+ 0-1